Prof. G Ram Reddy Library

Mysticism and logic and other essays (Record no. 13925)

MARC details
000 -LEADER
fixed length control field 00396nam a2200157Ia 4500
003 - CONTROL NUMBER IDENTIFIER
control field LDD
040 ## - CATALOGING SOURCE
Transcribing agency LDD
082 ## - DEWEY DECIMAL CLASSIFICATION NUMBER
Classification number 104 R911M
100 ## - MAIN ENTRY--PERSONAL NAME
Personal name Russell, Bertrand
245 #0 - TITLE STATEMENT
Title Mysticism and logic and other essays
Statement of responsibility, etc. Bertrand Russell
260 ## - PUBLICATION, DISTRIBUTION, ETC.
Place of publication, distribution, etc. London
Name of publisher, distributor, etc. George Allen & Unwin
Date of publication, distribution, etc. 1910
300 ## - PHYSICAL DESCRIPTION
Extent vi, 234
365 ## - TRADE PRICE
Price amount 936.00
903 ## - LOCAL DATA ELEMENT C, LDC (RLIN)
b Gifted by : Dr. Devendra K. Choudhry
942 ## - ADDED ENTRY ELEMENTS (KOHA)
Source of classification or shelving scheme Dewey Decimal Classification
Koha item type Gift Books
Holdings
Withdrawn status Lost status Source of classification or shelving scheme Damaged status Not for loan Home library Current library Total Checkouts Full call number Barcode Date last seen Price effective from Koha item type
No   Dewey Decimal Classification     Library and Documentation Division Library and Documentation Division   104 R911M G014063 11/01/2018 11/01/2018 Gift Books

© Prof. G Ram Reddy Centre Library, Indira Gandhi National Open University, Maidan Garhi, New Delhi, 110068
+91-011-29532797 | FAX+91-011-29533393 |